Normal view
MARC view
- Bhanu, A
Entry Personal Name
001 - CONTROL NUMBER
- control field: 77622
003 - CONTROL NUMBER IDENTIFIER
- control field: OSt
005 - DATE AND TIME OF LATEST TRANSACTION
- control field: 20220806113520.0
008 - FIXED-LENGTH DATA ELEMENTS
- fixed length control field: 220806|| aca||aabn | a|a d
040 ## - CATALOGING SOURCE
- Original cataloging agency: OSt
- Transcribing agency: OSt
100 ## - HEADING--PERSONAL NAME
- Personal name: Bhanu, A
670 ## - SOURCE DATA FOUND
- Source citation: Work cat.: (OSt)43055: Bhanu, A., Encyclopedia of English Literature: origin and Development, (Volume-V), 2012